| 000 | 01144cam a2200301 a 4500 | ||
|---|---|---|---|
| 003 | EG-GiCUC | ||
| 008 | 061129s1999 ua a f 000 0 ara d | ||
| 017 |
_a1999 / 9844 _bمصر.دار الكتب |
||
| 020 | _a9773070433 | ||
| 040 |
_aEG-GiCUC _bara _cEG-GiCUC |
||
| 050 | 4 |
_aTK5105.888. _bA9 1999 |
|
| 092 | 0 | 4 |
_a005.72 _bA9351 _221 |
| 099 |
_a04 _a005.72 A9351 |
||
| 100 | 1 | _aاوستين: بريان. | |
| 240 | 1 | 0 |
_aWeb page design in easy steps. _lArabic |
| 245 | 1 | 0 |
_aتصميم صفحات الويب فى خطوات سهلة = _bWeb page design in easy steps / _cتأليف بريان اوستين |
| 246 | 2 | 1 | _aWeb page design in easy steps. |
| 250 | _aط.1. | ||
| 260 |
_aالقاهرة : _bدار الفاروق للنشر و التوزيع : _c1999 |
||
| 300 |
_a190 ص. : _bايض.؛ _c25سم. |
||
| 500 | _aعلى الغلاف : اعداد قسم الترجمة بدار الفاروق / خالد العامرى : ثناء الشامى | ||
| 650 | 4 |
_aالويب _x.تصميم |
|
| 650 | 4 | _aنشر الويب. | |
| 902 | _a1 | ||
| 905 |
_aجيهان _eمدخل |
||
| 905 |
_aجيهان _eمراجع |
||
| 942 |
_2ddc _cBK |
||
| 999 |
_c89592 _d89592 |
||